000 00476 a2200193 4500
005 20250509130224.0
008 250509b |||||||| |||| 00| 0 eng d
020 _a9781529742800
_c£ 48.99
040 _aMAIN
082 _a658.872
_bH195D(2)
100 _aHanlon, Annmarie
245 _aDigital marketing
250 _a2nd
260 _bSage Publications
_c2022
_aLondon
300 _axvii, 454
650 _aManagement
650 _aDigital Marketing
942 _cBK
999 _c360068
_d360068